La falacia / (Record no. 35437)

MARC details
000 -LEADER
campo de control de longitud fija 00583nam a2200205 i 4500
001 - NÚMERO DE CONTROL
campo de control 35437
003 - IDENTIFICADOR DE NÚMERO DE CONTROL
campo de control ES-MaACL
007 - CAMPO FIJO DE DESCRIPCIÓN FÍSICA--INFORMACIÓN GENERAL
campo de control de longitud fija t|
008 - DATOS DE LONGITUD FIJA--INFORMACIÓN GENERAL
campo de control de longitud fija 030213s1983 sp ||||1| spa d
100 1# - ENTRADA PRINCIPAL--NOMBRE DE PERSONA
Nombre de persona Born, Nicolás.
9 (RLIN) 30515
245 13 - MENCIÓN DEL TÍTULO
Título La falacia /
Mención de responsabilidad, etc. Nicolás Born ; traducción de Isabel García Wetzler.
250 ## - MENCION DE EDICION
Mención de edición 1ª ed.
260 ## - PUBLICACIÓN, DISTRIBUCIÓN, ETC.
Lugar de publicación, distribución, etc. Barcelona :
Nombre del editor, distribuidor, etc. Laia,
Fecha de publicación, distribución, etc. [1983]
300 ## - DESCRIPCIÓN FÍSICA
Extensión 307 p. ;
Dimensiones 20 cm.
490 1# - MENCIÓN DE SERIE
Mención de serie Laia literatura
700 1# - ENTRADA AGREGADA--NOMBRE PERSONAL
Nombre de persona García Wetzler, Isabel.
9 (RLIN) 55422
830 0# - PUNTO DE ACCESO ADICIONAL DE SERIE-TÍTULO UNIFORME
Título uniforme Laia literatura
9 (RLIN) 182566
852 ## - LOCALIZACIÓN
Ubicación ES-MaACL
Número de control de estantería L-5638
Sublocalización o colección R.106186
Holdings
Estatus retirado Estado de pérdida Estado de daño No para préstamo Biblioteca de origen Biblioteca actual Ubicación en estantería Fecha de adquisición Fuente de adquisición Total de préstamos Signatura topográfica completa Código de barras Visto por última vez Precio de reemplazo Tipo de ítem Koha
        Biblioteca del Ateneo de Madrid Biblioteca del Ateneo de Madrid Depósito 2 17/01/2008     L-5638 1037079 23/02/2023 23/02/2023 Libro impreso